Statistics for Died in Game of Thrones (Books)

Click here to take the quiz!

General Stats

  • This quiz has been taken 3,552 times
    (3,534 since last reset)
  • The average score is 20 of 38

Answer Stats

Description of death Individual % Correct
Gored by a boarRobert Baratheon
97%
Crossbow while on the privyTywin Lannister
88%
Poisioned with Tears of Lys by wifeJon Arryn
83%
Killed by a shadow sent by brotherRenly Baratheon
82%
Poisoned at own weddingJoffrey Baratheon
81%
Pushed out the Moon DoorLysa Arryn
74%
Molten gold poured over headViserys Targaryen
73%
Stabbed in the heart at uncles weddingRobb Stark
69%
Killed in trial by combat against Gregor CleganeOberyn Martell
68%
Throat slit while attending brother's weddingCatelyn Stark
68%
Raped & murdered by Gregor Clegane during the sack of Kings LandingElia Martell
67%
Killed while trying to give orders to burn Kings Landing to the groundAerys II Targaryen
66%
Killed by own men at Craster's KeepJeor Mormont
63%
Fending off Kingsguard with a wooden training sword.Syrio forel
63%
Killed by own men at Castle BlackJon Snow
62%
Poison-tipped spearGregor Clegane (The Mountian)
60%
Arrow to the heart attacking Castle BlackYgritte
59%
Executed by Lord Commander Jon SnowJanos Slynt
56%
Injuries sustained in fight at Inn at the CrossroadsSandor Clegane (The Hound)
55%
Strangled with the chain of the Hand of the KingShae
54%
Extreme old age on a sea voyageMaester Aemon
52%
Execution by beheading with IceEddard Stark
52%
Blown off a bridgeBalon Greyjoy
51%
Fatal blow from a war-hammerRhaegar Targaryen
51%
Dies several times, the last time is resurrecting Lady StonheartBeric Dondarrion
50%
Smothered with a pillow by spouseKhal Drogo
48%
Beheaded and head later attached to companions bodyGrey Wind
44%
Burned alive by the Mad KingRickard Stark
42%
Kidnapped, dies pleading with brother to keep a promiseLyanna Stark
40%
Strangles self while trying to save fatherBrandon Stark
40%
Executed by Eddard Stark with Ice for the "crime" of a siblingLady
31%
Died in bed from illness/ageHoster Tully
31%
Killed in chambers by VarysGrand Maester Pycelle
29%
Hopeless charge at Areo HotahArys Oakheart
28%
Burns sustained during atempted dragon theftQuentyn Martell
28%
Dagger weilding childrenKevan Lannister
22%
Stabbled "half a hundred times" during the sack of Kings LandingRhaenys Targaryen
13%
Axe wound to the headYoren
5%

Score Distribution

Percentile by Number Answered

Percent of People with Each Score

Your Score History

You have not taken this quiz since the last reset